MDQL
is popping MORE tags! Check the
thread
!
Quizzes
Events
Quiz Creation
Community
Videos
Private Events
Remove Ads
Sign In
Join for FREE
Feedback
Dark Mode
Quiz Categories
Sports
Geography
Music
Movies
Television
Just For Fun
Miscellaneous
History
Literature
Language
Science
Gaming
Entertainment
Religion
Holiday
For Kids
Quiz Lab
Recent
Popular Today
Quiz Kudos Today
Editor Picks
Curator Picks
Quizzes by...
Day
Popularity
Type
Ratings
Length
Year
Community
Subscriptions
Recent Discussions
Orange Saloon
Badges
Playlists
Quests
Create
Leaderboards
Showdown
Live 5
Trivia Bingo
Activity
Puzzle Library
Sporcle Events
Private Events
Virtual Trivia
Globe League
Become a Host
Pub Owners
SporcleCon
Opinionation
Our Games
Videos
Blog
Mobile Apps
Partnerships
Remove Ads and Go Orange
Feedback
Religion
Mythology
Religious Music
World Religions
Bible
Christianity
Catholicism
Judaism
Church
Scripture
Islam
Verse
Religion
Mythology
Religious Music
World Religions
Bible
Christianity
Catholicism
Judaism
Church
Scripture
Islam
Verse
Random Quiz
Search Sporcle
×
Quiz Lab
Quiz Lab
Religion
Asia
Type in answers that appear in a list
Type in answers that appear in a list
Classic
Best Score? Go Orange.
Religious Threesomes - Asia Stats
Can you name the religious threesomes of Asian religions?
By
folio1701
5m
36 Questions
151 Plays
151 Plays
151 Plays
Comments
Comments
Give Quiz Kudos
Give Quiz Kudos
-
- Ratings
hide this ad
Replay
Link that replays current quiz
Next Quiz
Link to next quiz in quiz playlist
You Got
0%
They Got
Avg Score
21%
Avg Friend Score
Upgrade to see
Score Distribution
Jump to the score distribution portion of the page
Score
0/36
Timer
05:00
0
Plays Today
% Correct
Mecca
94.7%
Medina
75.5%
Jerusalem
70.2%
Vishnu
54.3%
Shiva
52.3%
Brahma
45%
Theravada
37.1%
Mahayana
35.8%
Taoism
23.8%
Suffering
23.2%
Buddha
21.2%
Vajrayana
21.2%
Dharma
20.5%
Confucianism
20.5%
Sangha
18.5%
Buddhism
17.9%
Impermanence
12.6%
Man
11.9%
% Correct
Not-self
9.9%
Householder
7.9%
Student
7.3%
Earth
7.3%
Knowledge
7.3%
Right knowldge
7.3%
Compassion
6.6%
Heaven
6%
Love
6%
Right conduct
6%
Transcendent
4.6%
Action
4.6%
Retirement
4%
Immanent
4%
Absolute
4%
Frugality
4%
Humility
4%
Right worldview
4%
Quiz Playlist
Details
Report
Send in Message
Add To Playlist
Classic:
Type in answers that appear in a list
Quiz Source
Last Updated: Feb 16, 2017
Quiz Scoreboard
CHALLENGE
Sign Up to Join the Scoreboard
Show All
Scores
Hide
Comments
May contain spoilers
Recently Published
1-10 Letter E Words III
by El_Dandy
Language
2m
Street Fighter Characters
by Artimus82
Gaming
60s
College Basketball Coaching Resumes
by pancakes188
Sports
9m
More to Explore
Quiz From the Vault
Featured Blog Post
Where Did the Easter Bunny Come From?
hide this ad
You Might Also Like...
Tags
Asia Quiz
hard
threesome
Today's Top Quizzes in Religion
Browse Religion
hide this ad
Today's Top Quizzes in Asia
Browse Asia
Top Contributed Quizzes in Religion
1
5-to-1: Children of Gods
2
5-to-1: European Churches
3
One Thing in Common: Mythology
4
One Thing in Common: Mythology II
5
One Thing in Common: Religion
6
One Thing in Common: Religion and Mythology
7
Mythological Creature Bunker
8
Prime Time: Religion
9
Murdered Mythical Monsters
10
10 to 1: Islam
Explore More
Trending Topics
Disney
Crossword
Harry Potter
Anime
Kpop
NBA
Marvel
Country
Soccer
Song
Pokémon
The Office
Puzzle
NFL
WWE
hide this ad
More By:
folio1701
Quiz
Plays
Rating
Category
Featured
Created
Countries by per Capita Alcohol Consumption
160,848
4.50
Geography
Feb 21, 2011
Top Countries of Naturalized US Citizens
102,818
4.57
Geography
May 2, 2011
Religious Threesomes
99,158
4.16
Religion
Dec 13, 2010
Christian Denomination by Haiku
64,445
3.97
Religion
Mar 1, 2010
Norse Mythology A-Z
46,485
4.12
Religion
May 11, 2011
Go to Creator's Profile
Score Distribution
Quiz Creator Spotlight
folio1701
Follow
Send a Message
Quizzes Created
-
Created Quiz Play Count
-
More By This Creator
Popular Quizzes Today
1
Find the US States - No Outlines Minefield
2
Find the Countries of Europe - No Outlines Minefield
3
Find the US States
4
The Countries of the World
5
Risky Map Clicking: Biggest States A-Z
6
US States
7
Popular People in 1961
8
Movies - When Are They Set?
More Religion Quizzes
7 Deadly Sins
Curator's Pick
Trending Quizzes
Risky Map Clicking: Least Populous States A-Z
1-10 Letter G Words
1-10 Letter F Words
Countries of the World: 200 Million BC
Risky Map Clicking: Next State Alphabetically
Recently Updated
Rides in Walt Disney World
pecheneg
Most Oscar Losses (Acting)
pecheneg
Beyoncé Albums
pecheneg
Leaping Animals
pecheneg
Reality TV Shows (A-Z)
bhenderson79
Rickey Henderson's Hall of Fame Teammates
pecheneg
Champions League XIs: Arsenal
pecheneg
Quick Pick: Celebrities in WWE's Hall of Fame
aduchscher
A-Z Keypad Blitz II
pecheneg
Trending Topics
Harry Potter
Crossword
Disney
NBA
Marvel
Kpop
Anime
Country
Song
Puzzle
The Office
WWE
Soccer
Pokémon
NFL
Your Account Isn't Verified!
In order to create a playlist on Sporcle, you need to verify the email address you used during registration. Go to your
Sporcle Settings
to finish the process.
Report this User
Report this user for behavior that violates our
Community Guidelines
.
Details:
Send Report
Go to the Sporcle.com Mobile Site →
Comments